00353nam a2200145Ia 4500008004100000040001900041041001200060082002200072245001100094260002300105300002400128440002700152650001000179850001800189131103s9999 xx 000 0 und d aLoreto College aEnglish aREF/LbLCBED/7326 aMusic  aU.S.bUNESCOc1964 a64p.b pic.c 26cm. aMan Through His Art; 2 aMusic aLCBED/REF/SIL